| 000 | 00668nam a2200241Ia 4500 | ||
|---|---|---|---|
| 003 | OSt | ||
| 005 | 20250804190759.0 | ||
| 008 | 210423s1999 xx 000 0 und d | ||
| 020 | _a81-7594-035-2 | ||
| 040 | _cAL | ||
| 041 | _aEnglish | ||
| 082 |
_a320 _bKUMM |
||
| 100 |
_aRaj Kumar _9101299 |
||
| 245 |
_aMahatma Gandhi _b: life, ideology and thoughts |
||
| 260 |
_aNew Delhi _bMangal Deep Publications _c1999 |
||
| 300 | _av,151 | ||
| 365 |
_b295 _cINR |
||
| 650 |
_aPolitical Science _9101300 |
||
| 650 |
_aPolitical Science _9101300 |
||
| 700 |
_aKumar, Vijendra _9233827 |
||
| 906 | _aGandhi: ; ideology ; life, ; Mahatma ; thoughts | ||
| 942 |
_2ddc _cBK |
||
| 999 |
_c171665 _d171665 |
||